Villas miseria y favelas: sobre las relaciones entre las instituciones del Estado y la organización social en las democracias de los años sesenta /

Zapisane w:
Opis bibliograficzny
1. autor: Ziccardi,Alicia
Format: Texto
Hasła przedmiotowe:
Etykiety: Dodaj etykietę
Nie ma etykietki, Dołącz pierwszą etykiete!

MARC

LEADER 00000 a a2200000 04500
001 44890
003
040
100 |a Ziccardi,Alicia  
245 |a Villas miseria y favelas:  |b  sobre las relaciones entre las instituciones del Estado y la organización social en las democracias de los años sesenta /  |c Alicia Ziccardi  
650 |a GRUPOS MARGINALES  
650 |a AMERICA LATINA  
650 |a ESTADO  
773 |g volumen45, número1 (1983), Páginas 45-67  
999 |c 22547  |d 22547